UM Logo

You're still so vain : (Record no. 20542)

MARC details
000 -LEADER
fixed length control field 00984nam a22002177a 4500
005 - DATE AND TIME OF LATEST TRANSACTION
control field 20250829192343.0
008 - FIXED-LENGTH DATA ELEMENTS--GENERAL INFORMATION
fixed length control field 240816b ||||| |||| 00| 0 eng d
082 ## - DEWEY DECIMAL CLASSIFICATION NUMBER
Classification number DPer 155.205 J826 July-September 2020 v. 119 n. 1-3
100 ## - MAIN ENTRY--PERSONAL NAME
Personal name Wetzel, Eunike.
Relator term author.
9 (RLIN) 58032
245 ## - TITLE STATEMENT
Title You're still so vain :
Remainder of title changes in narcissism from young adulthood to middle age /
Statement of responsibility, etc. Eunike Wetzel, Richard W. Robins, Emily Grijalva, and Brent W. Roberts.
260 ## - PUBLICATION, DISTRIBUTION, ETC. (IMPRINT)
Place of publication, distribution, etc. Washington ;
Name of publisher, distributor, etc. American Psychological Association ,
Date of publication, distribution, etc. August 2020.
300 ## - PHYSICAL DESCRIPTION
Extent Volume 119, pages 479- 496 :
Other physical details illustration ;
Dimensions 27 cm.
500 ## - GENERAL NOTE
General note Journal of Personality and Social Psychology , vol. 119, no. 2, pages 479-496, August 2020.
650 ## - SUBJECT ADDED ENTRY--TOPICAL TERM
Topical term or geographic name as entry element Psychology.
9 (RLIN) 60952
650 ## - SUBJECT ADDED ENTRY--TOPICAL TERM
Topical term or geographic name as entry element Personality.
9 (RLIN) 60953
700 ## - ADDED ENTRY--PERSONAL NAME
Personal name Wetzel, Eunike.
Relator term author.
9 (RLIN) 58032
700 ## - ADDED ENTRY--PERSONAL NAME
Personal name Robins, Richard W.
Relator term author.
9 (RLIN) 58033
700 ## - ADDED ENTRY--PERSONAL NAME
Personal name Grijalva, Emily.
Relator term author.
9 (RLIN) 58034
700 ## - ADDED ENTRY--PERSONAL NAME
Personal name Roberts, Brent W.
Relator term author.
9 (RLIN) 58035
942 ## - ADDED ENTRY ELEMENTS (KOHA)
Source of classification or shelving scheme Dewey Decimal Classification
Koha item type Periodicals
Holdings
Withdrawn status Lost status Source of classification or shelving scheme Damaged status Not for loan Home library Current library Date acquired Total Checkouts Full call number Date last seen Price effective from Koha item type Public note
    Dewey Decimal Classification     UM Digos College - LIC UM Digos College - LIC 08/16/2024   DPer 155.205 J826 July-September 2020 v. 119, n. 1-3 08/16/2024 08/16/2024 Periodicals Periodical Article